000 00754nam a2200313Ia 4500
001 AUWbook002093
003 BDCtgAUW
005 20260406155135.0
008 220908s9999 xx 000 0 eng d
040 _aBDCtgAUW
_cBDCtgAUW
100 1 _aWilliams Jay.
245 0 _aLeonardo da vinci.
250 _aFirst edition.
260 _aNew York :
_bHarper and Row,
_c1965.
300 _a153
650 0 _a1457
_x1519.
_980044
650 0 _aArt
_xhistory.
_973555
650 0 _adavinci.
650 0 _aFine Arts.
650 0 _aLeonardo.
650 0 _aPainting.
700 1 _aHorizon Magazine editors.
700 1 _aLowry, Bates, Consultant.
887 _a BRAC
_22982
888 _22982
942 _cBK
945 _cBK
999 _c17757
_d17757